|
|
|
|
| LEADER |
00000cab a2200000 a 4500 |
| 001 |
vtls000703681 |
| 003 |
SK-MaSNL |
| 005 |
20260304215840.0 |
| 008 |
160314c1999 xo 0 slo |
| 015 |
|
|
|a SNBRB1999/10-23680
|
| 035 |
|
|
|a CLN000055848
|
| 040 |
|
|
|a SNKBUCL
|b slo
|c SNKBUCL
|e AACR2
|
| 041 |
0 |
|
|a slo
|
| 044 |
|
|
|a xo
|c SK
|
| 080 |
|
|
|a 82.09:885.4-3(048)
|2 1981
|
| 080 |
|
|
|a 885.4-3(048)
|2 1981
|
| 100 |
1 |
|
|a Bubáková, Júlia
|4 aut
|9 736513
|
| 245 |
1 |
0 |
|a Modlitba a práca v tónoch piesne
|b Anton Habovštiak: Mať moja, mať moja
|c Júlia Bubáková
|
| 650 |
0 |
7 |
|a slovenské novely
|2 snkbucl
|9 383297
|
| 655 |
|
7 |
|a recenzie
|2 snkbucl
|9 21907
|
| 655 |
|
7 |
|a články z odboru literárna veda a krásna literatúra
|2 snkbucl
|9 770045
|
| 655 |
|
7 |
|a články z novín a časopisov
|2 snkbucl
|9 267496
|
| 773 |
0 |
|
|t Katolícke noviny
|g Roč. 114, č. 42 (1999), s. 19
|x 0139-8512
|
| 787 |
0 |
8 |
|i Rec.:
|a Habovštiak, Anton
|t Mať moja, mať moja
|d Trnava : Spolok sv. Vojtecha, 1999
|w ma199900488
|
| 850 |
|
|
|a Slovenská národná knižnica
|
| 852 |
|
|
|a Slovenská národná knižnica
|
| 958 |
|
|
|a LX
|
| 958 |
|
|
|a SK
|
| 958 |
|
|
|a RBX
|
| 999 |
|
|
|c 3148518
|d 3150448
|